LEADER 01502cam0 22003011 450 001 SOBE00018567 005 20251218125146.0 010 $a9788889190784 100 $a20111011d2011 |||||ita|0103 ba 101 $aita 102 $aIT 200 1 $aSan Vincenzo al Volturno dal 10. al 12. secolo$eLe molte vite di un monastero fra poteri universali e trasformazioni geopolitiche del Mezzogiorno$fFederico Marazzi 210 $aRoma$cnella sede dell'Istituto$d2011 215 $a252 p.$cill.$d25 cm 225 2 $aFonti per la storia dell'Italia medievale. Subsidia$fIstituto storico italiano per il Medio Evo$v10 410 1$1001SOBE00018569$12001 $a*Fonti per la storia dell'Italia medievale. Subsidia / Istituto storico italiano per il Medio Evo$v10 700 1$aMarazzi$b, Federico$3AF00011610$4070$0266212 801 0$aIT$bUNISOB$c20251218$gRICA 850 $aUNISOB 852 $aUNISOB$j900|Coll|31|K$m154490 852 $aUNISOB$jFondo|De|Sanctis|F$m154938 912 $aSOBE00018567 940 $aM 102 Monografia moderna SBN 941 $aM 957 $a900|Coll|31|K$b000069$gSI$d154490$rdono dell'Autore$tI$1catenacci$2UNISOB$3UNISOB$420111011112508.0$520251218125146.0$6menle 957 $aFondo|De|Sanctis|F$b000265$gCON$d154938$hDeSanctisF$rdono$tN$1menle$2UNISOB$3UNISOB$420111107122934.0$520210323073545.0$6Spinosa$fPer le modalità di consultazione vedi homepage della Biblioteca link Fondi 996 $aSan Vincenzo al Volturno dal 10. al 12. secolo$9243527 997 $aUNISOB